02977nam a2200265Ia 4500008004100000020001500041050002600056100003800082240003200120245011200152260004300264300004100307337001000348338001400358500011000372505171900482505019602201650004702397650004302444650004702487650005102534650005402585700004002639700003202679120625s2001 sp 001 0 spa d a8441512736 4aHF5548.4M525 bW545181 aWillett, Edward d1959-e, autor.10aOffice XP bible.lEspañol13aEl libro de Office XP b: version 2002c/ Edward C. Willett y Steve Cummings ; [traduccion, Carlos Anaya].3 aEspaña b: Anaya Multimediac, 2001. a928 páginas.c+ Cd-Rom (43/4 plg.) aTexto aSin medio aTraduccion de: Office XP bible Incluye apéndices (pp. 941-952) Incluye índice alfabetico (pp.953-959)1 aPrefacio Parte 1: Introducción Empezar a trabajar con las aplicaciones más populares de office Parte 2: Aprovechar Office al máximo Trabajar con Office Personalizar la interfaz del usuario Personalizar Office Parte 3: Crear documentos avanzados con Office XP El poder del texto Gráficos Usar documentos activos Compartir información Administración avanzada de documentos Impresión: de la pantalla al papel Parte 4: Crear documentos con Word Personalizar Word Hacer que el texto trabaje para usted Edición avanzada Ahorrar tiempo utilizando estilos y plantillas Usar esquemas, tablas de contenidos e índices para organizar la información Colaborar con otros usuarios en documentos de Word Personalizar Excel Opciones de selección y navegación avanzada Bases de la edición y el formato Fórmulas y funciones Gráficos Analizar datos Parte 6: La comunicación y la organización con Outlook La comunicación y la organización con Outlook Administración de mensajes Mensajes avanzados Guardar un registro de los contactos Utilizar el calendario para gestionar el tiempo Utilizar el diario y las notas Parte 7: Power Point y las presentaciones Presentaciones espectaculares Ahorre tiempo con plantillas y los asistentes Mejore sus presentaciones con gráficos y efectos especiales Crear y organizar una presentación Parte 8: Utilizar Front Page para crear y administrar sitios web Diseño de páginas web con Front Page Gestión del sitio Web Crear páginas web con otros componentes de Office Parte 9: Gestión y administración de datos Primeros pasos con Access Conceptos generales de Access Secretos del diseño de bases de datos Diseñar formulariso de Access1 aContenido del Cd Rom Acrobat Reader de Adobe WinZip Aplicaciones office Access Excel Office y herramientas de integración Outlook Power Point Word Autodemo y documentación de Office XP 14aMICROSOFT OFFICE xESTUDIO Y ENSEÑANZA24a NEGOCIOS xPROGRAMAS PARA COMPUTADORA24aMICROSOFT WORD (PROGRAMA PARA COMPUTADORA)24aMICROSOFT EXCEL (PROGRAMA PARA COMPUTADORA) 24aMICROSOFT FRONT PAGE (PROGRAMA DE COMPUTADORA) 1 aCummings, Steve d1953-e, coautor.1 aAnaya, Carlose, traductor.